000 01759cam a2200445 a 4500
001 13723329
003 EG-GICUC
005 20260309230000.0
008 040907s2003 be b 001 0 fre d
010 _a 2005418790
020 _a280271659X
_qBruylant
020 _a2275023569
_qL.G.D.J.
020 _a9782275023564
_q(L.G.D.J.)
040 _aEG-GiCUC
_cEG-GiCUC
_dEG-GiCUC
_dEG-GiCUC
_bfre
_eRda
041 0 _afre
_aeng
082 0 4 _221
_a341.8
_bN U . E
092 0 4 _221
_a341.8
099 _aLaw1 11 341.8 N U . E 2003
100 1 _aNuyts, Arnaud.
245 1 2 _aL'exception de forum non conveniens :
_bétude de droit international privé comparé /
_cpar Arnaud Nuyts ; foreword, Arthur T. von Mehren.
300 _axix, 973 p. ;
_c24 cm.
_billustration ;
336 _atext
_btxt
_2rdacontent
337 _aunmediated
_bn
_2rdamedia
338 _avolume
_bnc
_2rdacarrier
440 0 _aCollection de la Faculté de droit de l'Université libre de Bruxelles
500 _aOriginally presented as the author's thesis (doctoral)--Université libre de Bruxelles.
504 _aIncludes bibliographical references (p. [911]-945) and index.
546 _aForeword in English.
650 0 _aForum non conveniens.
_2qrmak
650 0 _aConflict of laws
_xJurisdiction.
_2qrmak
650 0 _aJurisdiction (International law)
_2qrmak
651 1 _2qrmak
856 4 0 _uhttps://fll.law.cu.edu.eg/fulltext/bks/B11-09313.pdf
905 _a15
906 _a7
_bcbc
_ccopycat
_d2
_encip
_f20
_gy-gencatlg
942 _2ddc
_cBK
_e21
_n0
999 _c65929
_d65929